| 000 | 01110nam a2200253Ia 4500 | ||
|---|---|---|---|
| 999 |
_c56006 _d56006 |
||
| 001 | 23106 | ||
| 003 | GE_BSU | ||
| 005 | 20230712122950.0 | ||
| 008 | 181216s1953||||ge |||||||||||||| ||geo|| | ||
| 040 | _cGE_BSU | ||
| 041 | _ageo | ||
| 080 | _a821.111-21 შ-56 | ||
| 100 |
_aშექსპირი, უილიამ _919267 |
||
| 245 |
_aტრაგედიები. წ. 1 / _cინგლ. თარგმნა ი. მაჩაბელმა ; რედ. და წინასიტყვ. გ. გაჩეჩილაძე. |
||
| 264 |
_aთბილისი : _bსაბჭ. მწერალი, _c1953. |
||
| 300 |
_a442 გვ. : _b1ფ.სურ. ; _c18სმ. |
||
| 500 | _aგაშლილი ყდა ინგლისურ ენაზე | ||
| 520 | _aგაშლ. ყდა ინგლ. ენ. | ||
| 541 | _h2 ლ. 80თ. | ||
| 653 | _aტრაგედიები წ. 1 | ||
| 700 |
_aმაჩაბელი, ი. _eმთარგმნელი _919268 |
||
| 700 |
_aგაჩეჩილაძე, გ. _eრედაქტორი _9397 |
||
| 942 |
_cBK _2udc |
||